000 00658nam a2200277Ia 4500
005 20260324130741.0
008 008 260324s9999 xx 000 0 eng d
020 _a9781003553687
037 _aEBOOK
040 _aCRL
040 _beng
040 _cCRL
041 _2eng
041 _aeng
084 _qCRL
100 _aElizabeth Zachariadou
_91182952
245 0 _aStudies in Pre-Ottoman Turkey and the Ottomans
260 _bTaylor and Francis
260 _c2007
365 _a
365 _b65.99
856 _uhttp://www.taylorfrancis.com/books/9781003553687
942 _cEBOOK
999 _c1779404
_d1779404